000 00927nam a2200265Ia 4500
003 OSt
005 20220923215458.0
006 a|||||r|||| 00| 0
007 ta
008 220922b |||||||| |||| 00| 0 hin d
024 _a179,151
037 _cTextual
040 _aARTS
_cARTS
_bhin
041 _2hin
_ahin
082 _aO152,1M96:g, N0
100 _aश्रीवास्तव, परमानन्द
245 0 _aसूर्यकांत त्रिपाठी निराला
246 _aSūryakāanta tripāṭhī nirālā
250 _aसंस्क0 2
260 _aनई दिल्ली
_b साहित्य अकादेमी
_c1990
300 _a94 पृ.
_ccm.
650 _aहिन्दी साहित्य
_9156264
942 _hO152,1M96:g, N0
_cTEXL
_2CC
999 _c332532
_d332532